Statistics for Can you name all US Senators since 2000?

Click here to take the quiz!

General Stats

  • This quiz has been taken 27 times
  • The average score is 128 of 240

Answer Stats

StateAnswer% Correct
VermontBernie Sanders
96%
KentuckyRand Paul
96%
WisconsinRon Johnson
96%
South DakotaTim Johnson
96%
New HampshireBob Smith
92%
MississippiCindy Hyde-Smith
92%
OregonGordon Smith
92%
LouisianaJohn Kennedy
92%
TexasTed Cruz
92%
MassachusettsTed Kennedy
92%
MinnesotaTina Smith
92%
FloridaBob Graham
88%
ArizonaJohn McCain
88%
VirginiaJohn Warner
88%
South CarolinaLindsey Graham
88%
VirginiaMark Warner
88%
FloridaRick Scott
88%
MassachusettsScott Brown
88%
OhioSherrod Brown
88%
South CarolinaTim Scott
88%
MaineAngus King
84%
New YorkChuck Schumer
84%
CaliforniaDianne Feinstein
84%
PennsylvaniaJohn Fetterman
84%
UtahMike Lee
84%
WashingtonPatty Murray
84%
IllinoisBarack Obama
80%
New JerseyCory Booker
80%
AlaskaFrank Murkowski
80%
New YorkHillary Clinton
80%
DelawareJoe Biden
80%
CaliforniaKamala Harris
80%
AlaskaLisa Murkowski
80%
FloridaMarco Rubio
80%
ArizonaMark Kelly
80%
KentuckyMitch McConnell
80%
GeorgiaRaphael Warnock
80%
MaineSusan Collins
80%
CaliforniaAlex Padilla
76%
IowaChuck Grassley
76%
AlabamaDoug Jones
76%
MassachusettsElizabeth Warren
76%
OhioJ. D. Vance
76%
West VirginiaJoe Manchin
76%
GeorgiaJon Ossoff
76%
New YorkKirsten Gillibrand
76%
ArizonaKyrsten Sinema
76%
New HampshireMaggie Hassan
76%
IndianaTodd Young
76%
NevadaCatherine Cortez Masto
72%
ColoradoMichael Bennet
72%
UtahMitt Romney
72%
WisconsinTammy Baldwin
72%
IllinoisTammy Duckworth
72%
VirginiaTim Kaine
72%
New JerseyBob Menendez
68%
NebraskaDeb Fischer
68%
TexasJohn Cornyn
68%
ColoradoJohn Hickenlooper
68%
IdahoMike Crapo
68%
UtahOrrin Hatch
68%
AlabamaRichard Shelby
68%
MarylandChris Van Hollen
64%
AlaskaDan Sullivan
64%
IllinoisDick Durbin
64%
MichiganGary Peters
64%
NevadaHarry Reid
64%
NevadaJacky Rosen
64%
IowaJoni Ernst
64%
MontanaJon Tester
64%
HawaiiMazie Hirono
64%
VermontPatrick Leahy
64%
PennsylvaniaPat Toomey
64%
OregonRon Wyden
64%
Rhode IslandSheldon Whitehouse
64%
AlabamaTommy Tuberville
64%
MinnesotaAmy Klobuchar
60%
CaliforniaBarbara Boxer
60%
PennsylvaniaBob Casey Jr.
60%
HawaiiBrian Schatz
60%
DelawareChris Coons
60%
ConnecticutChris Murphy
60%
MissouriClaire McCaskill
60%
MichiganDebbie Stabenow
60%
MassachusettsEd Markey
60%
ArkansasJohn Boozman
60%
North CarolinaJohn Edwards
60%
MissouriJosh Hawley
60%
WashingtonMaria Cantwell
60%
TennesseeMarsha Blackburn
60%
ConnecticutRichard Blumenthal
60%
North CarolinaRichard Burr
60%
West VirginiaRobert Byrd
60%
OhioRob Portman
60%
North CarolinaThom Tillis
60%
DelawareTom Carper
60%
ArkansasTom Cotton
60%
MinnesotaAl Franken
56%
HawaiiDaniel Inouye
56%
GeorgiaDavid Perdue
56%
New HampshireJeanne Shaheen
56%
OklahomaJim Inhofe
56%
IdahoJim Risch
56%
New HampshireJohn E. Sununu
56%
MassachusettsJohn Kerry
56%
South DakotaJohn Thune
56%
GeorgiaKelly Loeffler
56%
ColoradoMark Udall
56%
MaineOlympia Snowe
56%
West VirginiaShelley Moore Capito
56%
South CarolinaStrom Thurmond
56%
AlaskaTed Stevens
56%
New MexicoTom Udall
56%
PennsylvaniaArlen Specter
52%
MarylandBen Cardin
52%
NebraskaBen Nelson
52%
FloridaBill Nelson
52%
WyomingCynthia Lummis
52%
Rhode IslandJack Reed
52%
AlabamaJeff Sessions
52%
ConnecticutJoe Lieberman
52%
TennesseeLamar Alexander
52%
MinnesotaNorm Coleman
52%
KansasPat Roberts
52%
PennsylvaniaRick Santorum
52%
MissouriRoy Blunt
52%
North CarolinaTed Budd
52%
NebraskaBen Sasse
48%
ArkansasBlanche Lincoln
48%
MichiganCarl Levin
48%
ConnecticutChris Dodd
48%
ColoradoCory Gardner
48%
VirginiaGeorge Allen
48%
North DakotaHeidi Heitkamp
48%
OklahomaJames Lankford
48%
West VirginiaJay Rockefeller
48%
North DakotaJohn Hoeven
48%
OklahomaMarkwayne Mullin
48%
IndianaMike Braun
48%
MississippiRoger Wicker
48%
WisconsinRuss Feingold
48%
MarylandBarbara Mikulski
44%
New MexicoBen Ray Lujan
44%
TennesseeBill Frist
44%
HawaiiDaniel Akaka
44%
North CarolinaElizabeth Dole
44%
New JerseyFrank Lautenberg
44%
WisconsinHerb Kohl
44%
MissouriJean Carnahan
44%
OregonJeff Merkley
44%
VermontJim Jeffords
44%
IndianaJoe Donnelly
44%
WyomingJohn Barrasso
44%
AlabamaKatie Britt
44%
AlaskaMark Begich
44%
MontanaMax Baucus
44%
OhioMike DeWine
44%
KansasRoger Marshall
44%
GeorgiaSaxby Chambliss
44%
MississippiThad Cochran
44%
South DakotaTom Daschle
44%
GeorgiaZell Miller
44%
LouisianaBill Cassidy
40%
IndianaEvan Bayh
40%
TennesseeFred Thompson
40%
KansasJerry Moran
40%
North CarolinaJesse Helms
40%
North CarolinaKay Hagan
40%
New HampshireKelly Ayotte
40%
Rhode IslandLincoln Chafee
40%
IllinoisMark Kirk
40%
ArkansasMark Pryor
40%
ArizonaMartha McSally
40%
New MexicoMartin Heinrich
40%
LouisianaMary Landrieu
40%
FloridaMel Martinez
40%
MassachusettsPaul G. Kirk
40%
VermontPeter Welch
40%
IndianaRichard Lugar
40%
KansasSam Brownback
40%
MontanaSteve Daines
40%
IowaTom Harkin
40%
TennesseeBob Corker
36%
IndianaDan Coats
36%
MissouriEric Schmitt
36%
KentuckyJim Bunning
36%
South CarolinaJim DeMint
36%
VirginiaJim Webb
36%
GeorgiaJohnny Isakson
36%
ColoradoKen Salazar
36%
GeorgiaMax Cleland
36%
WyomingMike Enzi
36%
South DakotaMike Rounds
36%
MinnesotaPaul Wellstone
36%
TennesseeBill Hagerty
32%
MontanaConrad Burns
32%
WyomingCraig Thomas
32%
ArizonaJeff Flake
32%
MissouriJim Talent
32%
NevadaJohn Ensign
32%
ArizonaJon Kyl
32%
TexasKay Bailey Hutchison
32%
North DakotaKevin Cramer
32%
IdahoLarry Craig
32%
MarylandPaul Sarbanes
32%
New MexicoPete Domenici
32%
IllinoisPeter Fitzgerald
32%
IllinoisRoland Burris
32%
ArkansasTim Hutchinson
32%
ColoradoBen Nighthorse Campbell
28%
UtahBob Bennett
28%
NevadaDean Heller
28%
South CarolinaFritz Hollings
28%
OhioGeorge Voinovich
28%
New HampshireJudd Gregg
28%
North DakotaKent Conrad
28%
AlabamaLuther Strange
28%
MinnesotaMark Dayton
28%
NebraskaMike Johanns
28%
MassachusettsMo Cowen
28%
MississippiTrent Lott
28%
NebraskaBob Kerrey
24%
North DakotaByron Dorgan
24%
NebraskaChuck Hagel
24%
LouisianaDavid Vitter
24%
MinnesotaDean Barkley
24%
MontanaJohn Walsh
24%
MissouriKit Bond
24%
DelawareTed Kaufman
24%
OklahomaTom Coburn
24%
West VirginiaCarte Goodwin
20%
New JerseyJeffrey Chiesa
20%
LouisianaJohn Breaux
20%
New JerseyJon Corzine
20%
TexasPhil Gramm
20%
New JerseyRobert Torricelli
16%
FloridaGeorge LeMieux
12%
New MexicoJeff Bingaman
12%
ColoradoWayne Allard
12%
OklahomaDon Nickles
8%

Score Distribution

Percentile by Number Answered

Percent of People with Each Score

Your Score History

You have not taken this quiz